| 000 | 00584nam a2200229Ia 4500 | ||
|---|---|---|---|
| 003 | OSt | ||
| 005 | 20230612141929.0 | ||
| 008 | 210423s2016 xx 000 0 und d | ||
| 020 | _a978-1-138-81997-9 | ||
| 040 | _cAL | ||
| 041 | _aeng | ||
| 082 |
_a791.44 _223 _bMCLR |
||
| 100 |
_aMCLEISH (Robert);LINK (Jeff) _976639 |
||
| 245 | _aRadio production Ed 6 | ||
| 250 | _a6 | ||
| 260 |
_aNew York _bFocal Press _c2016 |
||
| 300 |
_axvi,418 _bPB |
||
| 365 |
_b3964.34 _cGBP |
||
| 650 |
_aRecreational & Performing Arts _976640 |
||
| 906 | _aproduction ; Radio | ||
| 942 |
_2ddc _cBK |
||
| 999 |
_c168761 _d168761 |
||